| 000 | 01136nam0a22002771 4500 | ||
|---|---|---|---|
| 001 | rc\270016 | ||
| 005 | 20260407121212.0 | ||
| 010 |
_a5-12-001386-4 _91530 |
||
| 035 | _a(NLR Aleph) 005480542 | ||
| 090 |
_a5119419 _c5119419 |
||
| 100 | _a20030307d1990 |||y0rusy50 ca | ||
| 101 | 0 | _arus | |
| 102 | _aRU | ||
| 105 | _aa ||||||||| | ||
| 200 | 1 |
_aЭкспертные оценки в социологических исследованиях _f[С.Б. Крымский, Б.Б. Жилин, В.И. Паниотто и др. _gОтв. ред. С.Б. Крымский] _gАН УССР. Ин-т философии |
|
| 210 |
_aКиев _cНаукова думка _d1990 |
||
| 215 |
_a318, [1] с. _cил. _d22 |
||
| 300 | _aАвт. указаны на обороте тит. л. | ||
| 320 | _aБиблиогр.: с. 310-319 | ||
| 701 | 1 |
_aКрымский _bС.Б. _gСергей Борисович |
|
| 712 | 0 | 2 |
_aИнститут философии им. Г. С. Сковороды _cКиев _3RU\NLR\AUTH\889954959 _9405943 |
| 801 | 0 |
_aRU _bNLR _gpsbo |
|
| 801 | 1 |
_aRU _bELAR _2rusmarc |
|
| 852 |
_aNLR _j90-3/12982 |
||
| 942 | _cBOOK | ||
| 980 | _aNB | ||